Najludniejsze miasta na terenie Rz. Obojga Narodów z 1619r. dzisiaj - Statystyki

Ogólne statystyki
  • Ten quiz został rozwiązany 34 razy
  • Średni wynik to 31 z 60
Statystyki odpowiedzi
Liczba ludności Miasto % Poprawnych
1861599 Warszawa
100%
652015 Łódź
97%
717803 Lwów
97%
602430 Wilno
97%
486345 Gdańsk
93%
2967360 Kijów
93%
806200 Kraków
93%
541316 Poznań
93%
292600 Białystok
90%
1995471 Mińsk
90%
197181 Rzeszów
90%
331243 Lublin
87%
605820 Ryga
83%
330038 Bydgoszcz
80%
195690 Toruń
80%
339700 Brześć
77%
289364 Kowno
73%
356900 Grodno
70%
197848 Radom
70%
325495 Smoleńsk
70%
242874 Gdynia
67%
280190 Katowice
67%
172272 Kłajpeda
67%
168212 Olsztyn
67%
112483 Płock
67%
183855 Kielce
63%
208282 Częstochowa
57%
980948 Dniepr
53%
510300 Homel
53%
364800 Witebsk
53%
113567 Elbląg
50%
225004 Tarnopol
50%
215986 Łuck
43%
357100 Mohylew
40%
245272 Równe
40%
722713 Zaporoże
40%
493256 Królewiec
37%
238196 Iwano-Frankiwsk
33%
680000 Krzywy Róg
33%
189178 Sosnowiec
33%
265559 Żytomierz
33%
273713 Chmielnicki
30%
114765 Dąbrowa Górnicza
27%
126300 Pińsk
27%
370063 Winnica
27%
175000 Baranowicze
23%
269836 Czerkasy
23%
166765 Bielsko-Biała
20%
287490 Czernihów
20%
286250 Połtawa
17%
140700 Borysów
13%
109473 Browary
13%
113100 Szawle
13%
208737 Biała Cerkiew
10%
234000 Krzemieńczuk
10%
114000 Orsza
7%
212200 Borbujsk
3%
219676 Kropywnycki
3%
112000 Mozyrz
3%
105160 Nikopol
3%
Nie znaleziono quizów pasujących do podanych kryteriów
Rozkład punktacji
Procent ludzi z każdym wynikiem
Percentyl według liczby udzielonych odpowiedzi
Twoja historia wyników
Nie rozwiązałeś tego quizu